| 000 | 00910nam a2200241 a 4500 | ||
|---|---|---|---|
| 001 | 38084 | ||
| 003 | BD-RjUL | ||
| 005 | 20211209052723.0 | ||
| 008 | 150907s2011 bg a|||| b||| 00| 0 ben d | ||
| 020 | _a984074920X | ||
| 035 | _a(BD-RjUL)38189 | ||
| 040 |
_aBD-RjUL _bben _cBD-RjUL |
||
| 041 | _aben | ||
| 082 |
_a782.42162 _bSAK 2011 |
||
| 100 |
_aসরকার, স্বরোচিষ _9117896 |
||
| 245 |
_aকবিগান : _bইতিহাস ও রুপান্তর / _cস্বরোচিষ সরকার |
||
| 260 |
_aঢাকা : _bবাংলা একাডেমী, _c২০১১. |
||
| 300 |
_a১৫, ৪৫৬ পৃ. : _bচিত্র ; _c২২ সেমি. |
||
| 504 | _aগ্রন্থপঞ্জি ও নির্ঘন্ট সংযুক্ত | ||
| 650 |
_aপল্লীগীতি _9117897 |
||
| 650 |
_aFolk songs _9117495 |
||
| 942 |
_2ddc _cBK _02 |
||
| 999 |
_c38084 _d38084 |
||